[Event "Barcelona Sant Marti op-B 18th"]
[Site "Barcelona"]
[Date "2016.07.18"]
[Round "6.48"]
[White "Minko, Olga"]
[Black "Palau Fontanet, David"]
[Result "1/2-1/2"]
[WhiteElo "1509"]
[BlackElo "1703"]
[PlyCount "30"]
[EventDate "2016.07.13"]
[EventType "swiss"]
[EventRounds "9"]
[EventCountry "ESP"]
[SourceTitle "EXT 2024"]
[Source "ChessBase"]
[SourceDate "2023.10.10"]
[SourceVersion "1"]
[SourceVersionDate "2023.10.10"]
[SourceQuality "1"]

1. e4 c6 2. d4 d5 3. exd5 cxd5 4. Bd3 Nc6 5. c3 g6 6. Bf4 Nh6 7. Qd2 Bf5 8. Bb5 Bxb1 9. Rxb1 Nf5 10. Nf3 f6 11. Bd3 Qd7 12. 0-0 Bg7 13. Rfe1 0-0 14. c4 e6 15. Bxf5 exf5 1/2-1/2

[Event "Foment Martinenc op-B 16th"]
[Site "Barcelona"]
[Date "2014.06.07"]
[Round "7"]
[White "Mir Vinas, Pau Jose"]
[Black "Palau Fontanet, David"]
[Result "0-1"]
[WhiteElo "1970"]
[BlackElo "1920"]
[PlyCount "49"]
[EventDate "2014.04.26"]
[EventType "swiss"]
[EventRounds "9"]
[EventCountry "ESP"]
[SourceTitle "EXT 2015"]
[Source "ChessBase"]
[SourceDate "2014.11.20"]
[SourceVersion "1"]
[SourceVersionDate "2014.11.20"]
[SourceQuality "1"]

1. d4 Nf6 2. Nf3 c5 3. e3 g6 4. Bd3 Bg7 5. 0-0 0-0 6. b3 d6 7. Bb2 Nbd7 8. Nbd2 Qc7 9. c4 e5 10. Ng5 Re8 11. f4 h6 12. fxe5 dxe5 13. Nxf7 Kxf7 14. Qc2 Kg8 15. Bxg6 Rf8 16. Nf3 exd4 17. Nh4 Ne5 18. exd4 Neg4 19. g3 Ne3 20. Qd3 Nxf1 21. Rxf1 Bh3 22. Re1 cxd4 23. Qxd4 Rad8 24. Qc3 Qc5+ 25. Qe3 0-1

[Event "Foment Martinenc op-B 16th"]
[Site "Barcelona"]
[Date "2014.05.17"]
[Round "4"]
[White "Palau Fontanet, David"]
[Black "Rodriguez Isern, Bernat"]
[Result "0-1"]
[WhiteElo "1920"]
[BlackElo "1868"]
[PlyCount "92"]
[EventDate "2014.04.26"]
[EventType "swiss"]
[EventRounds "9"]
[EventCountry "ESP"]
[SourceTitle "EXT 2015"]
[Source "ChessBase"]
[SourceDate "2014.11.20"]
[SourceVersion "1"]
[SourceVersionDate "2014.11.20"]
[SourceQuality "1"]

1. e4 e5 2. Nc3 Nf6 3. f4 d5 4. fxe5 Nxe4 5. Nf3 Bg4 6. Qe2 Nxc3 7. bxc3 Nc6 8. d4 Be7 9. g3 0-0 10. Bg2 f6 11. exf6 Bxf6 12. 0-0 Qd7 13. Bf4 Na5 14. Qd3 Bf5 15. Qd1 Bg4 16. Qd3 Bf5 17. Qd1 Nc4 18. Re1 Rae8 19. Be5 Be4 20. Bxf6 Rxf6 21. Ne5 Nxe5 22. dxe5 Rf7 23. Bxe4 dxe4 24. Qxd7 Rxd7 25. Rxe4 Rd2 26. Rc1 Rf8 27. Rf4 Rxf4 28. gxf4 g6 29. c4 Kf7 30. Rb1 b6 31. c5 Rxc2 32. cxb6 axb6 33. a4 Rc4 34. a5 bxa5 35. Rb5 a4 36. Ra5 Ke6 37. Ra6+ c6 38. Kg2 Rxf4 39. Rxc6+ Kxe5 40. Ra6 Kd5 41. Kg3 Rd4 42. Ra7 Rd3+ 43. Kg4 h5+ 44. Kg5 a3 45. Kxg6 h4 46. Kg5 h3 0-1

[Event "Barcelona Ideal Clave op 13th"]
[Site "Barcelona"]
[Date "2007.11.17"]
[Round "7.2"]
[White "Angli Marti, Jordi"]
[Black "Palau Fontanet, David"]
[Result "1-0"]
[WhiteElo "2142"]
[BlackElo "1947"]
[PlyCount "57"]
[EventDate "2007.09.29"]
[EventType "swiss"]
[EventRounds "8"]
[EventCountry "ESP"]
[SourceTitle "EXT 2024"]
[Source "ChessBase"]
[SourceDate "2023.10.10"]
[SourceVersion "1"]
[SourceVersionDate "2023.10.10"]
[SourceQuality "1"]

1. d4 Nf6 2. c4 c5 3. d5 b5 4. cxb5 a6 5. bxa6 Bxa6 6. Nc3 d6 7. g3 g6 8. Bg2 Bg7 9. Nf3 0-0 10. 0-0 Nbd7 11. h3 Qc7 12. Rb1 c4 13. Nd4 Nc5 14. Be3 Bb7 15. Qc2 Qa5 16. a3 Rfc8 17. g4 Nfd7 18. Na2 Nb6 19. Nb4 Qa4 20. Qxa4 Rxa4 21. Nbc6 Kf8 22. Bg5 Rc7 23. Rfd1 h6 24. Bh4 Bxc6 25. Nxc6 Nb3 26. f4 Na5 27. Bf2 Nxc6 28. Bxb6 Rb7 29. dxc6 1-0

[Event "Barcelona Ideal Clave op 13th"]
[Site "Barcelona"]
[Date "2007.11.10"]
[Round "6.1"]
[White "Palau Fontanet, David"]
[Black "Garcia Castellote, Oscar"]
[Result "0-1"]
[WhiteElo "1947"]
[BlackElo "1957"]
[PlyCount "90"]
[EventDate "2007.09.29"]
[EventType "swiss"]
[EventRounds "8"]
[EventCountry "ESP"]
[SourceTitle "EXT 2024"]
[Source "ChessBase"]
[SourceDate "2023.10.10"]
[SourceVersion "1"]
[SourceVersionDate "2023.10.10"]
[SourceQuality "1"]

1. d4 g6 2. Nf3 Bg7 3. c3 Nf6 4. Bg5 d5 5. Bxf6 Bxf6 6. e3 0-0 7. Bd3 b6 8. Nbd2 Ba6 9. Bxa6 Nxa6 10. Qa4 Nb8 11. b4 c5 12. dxc5 bxc5 13. Rc1 cxb4 14. cxb4 Nd7 15. 0-0 Nb6 16. Qa6 Qd7 17. b5 Rfc8 18. a4 e6 19. a5 Na4 20. Rxc8+ Qxc8 21. Qxc8+ Rxc8 22. Rb1 Rb8 23. Kf1 Nc3 24. Rc1 Rxb5 25. Ra1 Ne4 26. Ra4 Nxd2+ 27. Nxd2 Bc3 28. Ra2 Rxa5 29. Rxa5 Bxa5 30. Nb3 Bb6 31. Ke2 Kf8 32. f3 Ke7 33. Kd3 Kd6 34. Nd2 f5 35. e4 dxe4+ 36. fxe4 Kc5 37. exf5 gxf5 38. Nf3 Kd5 39. Ng5 h6 40. Nf3 e5 41. Nd2 e4+ 42. Ke2 a5 43. Nb1 Kc4 44. h3 a4 45. g4 f4 0-1